Регионална библиотека "Любен Каравелов" - Русе

Операция "ы" [видео DVD] (Запис номер 219750)

MARC детайли
000 -Лидер
Контролно поле с фиксирана дължина 00918ngm a2200325 a 4500
003 - Код на организацията, давaща контролен номер
Контролно поле BLK
005 - Дата и час на последна редакция
Контролно поле 20240530111834.0
007 - Фиксирано поле за физическо описани
fixed length control field! m| caa|akaadaaaac
008 - Елементи от данни с фиксирана дължина
fixed length control field 180410b bul||n||s|||||||| mlbulo|
010 ## - Наследен системен номер
LC control number CDD00002166000
040 ## - Източник на каталожния запис
Идентификатор на билиотеката - собственик на записа BLK
041 ## - Код за език
Код за езика на текст/звукозапис или на отделно заглавие Български
Код за езика КДБФ Български
080 ## - УДК
Текстов определител УДК Комедии
УДК код - определител по УДК 791.221.2
УДК - код + определител 791.221.2
139 ## - Редно поле
Редна дума Операция "ы" [видео DVD]
Авторски знак Опе - О 60
245 10 - Сведения за заглавието
Заглавие Операция "ы" [видео DVD]
257 ## - Страна на издаване
Страна на създаване/издаване България
260 ## - Област на издателските данни
Име на издателя, разпространителя и проч. Мултивижън
Година на издаване 2006
300 ## - Физическа характеристика
Страници 96 мин.
Илюстрации и др. цв.
Размери/Мащаб 12 см
380 ## - Жанр
Жанр Изкуство
490 ## - СЕРИИ (Колекции)
Име на серия Особености на руското кино
№: серия 17
590 ## - Забележки на библиотеката, притежаваща документа (RLIN)
Служебно S.N: 69376 от КНИГИ
852 ## - Местоположение
Форматна сигнатура Цб CD 4919
Част 0
856 4# - Електронен адрес и достъп
Електронен формат pdf - файл
Път до файла /url/
856 4# - Електронен адрес и достъп
Електронен формат pdf - файл
Път до файла /url/
942 ## - АРТИКУЛИ
Вид на библиотечния материал Компактдискове
Скрит в OPAC Не
Koha issues (borrowed), all copies 1
Периодичен библиозапис Да
944 ## - СЪЗДАВАНЕ И РЕДАКЦИЯ на ЗАПИСА
Създаване/Редакция Създаване
Дата на регистрацията/редакция 10.11.2006
Служител, извършил регистрацията/редакцията 30570
Статус, дата на статуса Моника Янева
944 ## - СЪЗДАВАНЕ И РЕДАКЦИЯ на ЗАПИСА
Създаване/Редакция Редакция
Дата на регистрацията/редакция 05.12.2008
999 ## - СИСТЕМНИ КОНТРОЛНИ НОМЕРА
Koha biblionumber 219750
Koha biblioitemnumber 219750
999 ## - СИСТЕМНИ КОНТРОЛНИ НОМЕРА
Koha biblioitemnumber 219750
999 ## - СИСТЕМНИ КОНТРОЛНИ НОМЕРА
Koha biblioitemnumber 219750
Наличности
Код за отписване Код за изгубен артикул Източник на класификационната схема Код за повреда Коз за рестрикции Код за отдаване Артикулен № Име на библиотеката - собственик Име на библиотеката, в която се намира в момента Статус (Текущо местоположение) Дата на вписване в системата Местоположение - отдел Цена в лева Инвентарен номер Систематично азбучна сигнатура Баркод Номер на екземпляра Цена в евро Служебна бележка Служебен тип на артикула
Изтеглен Не е изгубен Universal Decimal Classification Не е повреден без рестрикции заемане за дома 391334 Регионална библиотека "Любен Каравелов" Русе Регионална библиотека "Любен Каравелов" Русе Отдел Изкуство - подръчен фонд 2006-11-13 Отдел Изкуство - подръчен фонд 3.90 250000001853 Цб CD 000 250000001853 1 1.99 Дост: Pk Вид: Ф N: 729 Дата: 07.11.2006 Компактдискове
  Не е изгубен Universal Decimal Classification Не е повреден без рестрикции заемане за дома 391335 Регионална библиотека "Любен Каравелов" Русе Регионална библиотека "Любен Каравелов" Русе Отдел Изкуство - подръчен фонд 2008-12-08 Отдел Изкуство - подръчен фонд 3.00 250000003480 791.221.2/О-60 250000003480 2 1.53 Дост: DA Вид: А N: 14 Дата: 08.12.2008 Съставил: Валя_Йорданова Компактдискове
Vip Innovations Ltd, Rousse, Bulgaria 2025